| 000 | 00887cam a22002411i 4500 | ||
|---|---|---|---|
| 003 | SA-RiAUC | ||
| 005 | 20250922053039.0 | ||
| 008 | 250918s1998 sy g 0001p ara c | ||
| 040 |
_aSA-JeALM _bara _cSA-RiAUC _erda |
||
| 082 | 0 | 4 |
_a811.062 _qSA-RiAUC |
| 090 |
_a811.062 _bص ا ب |
||
| 100 | 1 |
_aالصابوني، محمد ضياء الدين، _d1927- _eمؤلف. |
|
| 245 | 1 | 0 |
_aنفحات حب وخلجات قلب / _cتأليف محمد ضياء الدين الصابوني. |
| 250 | _aالطبعة الأولى. | ||
| 264 | 1 |
_aحلب، سوريا : _bدار الصابوني، _c1998. |
|
| 300 |
_a113 صفحة ؛ _c24 سم |
||
| 336 |
_aنص _btxt _2rdacontent _3كتاب |
||
| 337 |
_aبدون وسيط _bn _2rdamedia |
||
| 338 |
_aمجلد _bnc _2rdacarrier |
||
| 650 | 7 |
_aالشعر الديني _2aucsh |
|
| 942 |
_2ddc _cBOOK _n0 |
||
| 949 |
_aSA-JeALM _d250918 _uosman123 _n1 |
||
| 999 |
_c11963 _d11963 |
||